Music Quiz

Random Music or Rock Quiz
Score 0/30 Timer 07:00
1 Play Today
Info Name % Correct
The King Of Rock N' Roll. Not much more needs to be saidElvis Presley
95.5%
Known as one of the world's greatest frontmen, his death of AIDS shook the worldFreddie Mercury
94.8%
Committed suicide, this grunge icon is former lover of Courtney LoveKurt Cobain
94.5%
Assassinated by Mark David Chapman, his influence on music is incomparable. John Lennon
88%
Died in the same plane crash as Richie Valens and The Big Bopper, know for his Fender Strat and distinctive glassesBuddy Holly
76.6%
His death was due to a type of malignant melanoma, born in Jamaica his birth name was 'Nesta'Bob Marley
76.6%
Despite claiming to drive 90 mph and having 'kissed the sky', this iconic lead guitarist died from drug abuseJimi Hendrix
75.3%
Died from lung cancer, his guitar has been known to gently weepGeorge Harrison
74.6%
Died of a probable drug overdose, his band mates include John Densmore and Ray ManzarekJim Morrison
73.2%
Perhaps one of the world's most famous drummers, his death was by overdose. He also had dinner with Paul McCartney the night he diedKeith Moon
71.5%
The album Back In Black is a tribute to him, for his unfortunate alcohol related death meant he could not be a part of itBon Scott
65.3%
One of the most famous dancers, performers, and singers in historyMichael Jackson
63.9%
Perhaps one of the most experimental musicians of the 20th century, this person has children called Dweezil and Diva Thin Muffin PigeenFrank Zappa
62.9%
Comparable in many ways to the previous person, this drummer died of alcohol abuse after drinking 40 shots of vodkaJohn Bonham
62.2%
This funk legend died on Christmas Day. It is said his father's bag was always the newestJames Brown
57.7%
Info Name % Correct
Known for his influence on neo-classical metal, this former Ozzy guitarist died in a plane crashRandy Rhoads
52.9%
Shot on stage with the band Damageplan by Nathan Gale, known for his tight, groove metal guitar riffsDimebag
52.9%
Died due to a bus toppling onto him, his successor was Jason NewstedCliff Burton
48.1%
Appeared in The Pick Of Destiny, this former Rainbow singer died from stomach cancerDio
42.6%
Could be said to have lived his life 'in excess', this singer's supposed death is from suicideMichael Hutchence
37.8%
This grunge singer died from drug addiction, and his parents started a non-profit organization to help addicts in Seattle because of thatLayne Staley
37.1%
A remix of one of his most famous song is used on the British TV show Top Gear, this guitarist died in a motorcycle accidentDuane Allman
34.7%
Died due to hanging himself, his remaining band mates formed New OrderIan Curtis
33.3%
Known to 'Get It On', nicknamed the Electric Warrior, and died of a car accident.Marc Bolan
33%
This Irish bassist/vocalist died of pneumonia and heart failure.Phil Lynott
24.1%
Died the exact same day as the first person on this quiz, meaning his tragic death is usually overlooked. Former member of the band KISSEric Carr
22.7%
Died of an overdose, he had a career in the metal band SlipknotPaul Gray
16.5%
Most known for his work with David Bowie, he died of liver cancerMick Ronson
16.5%
Death by drunk driving, he has played with Whitesnake, Jeff Beck, Brian MayCozy Powell
7.2%
Best known as the bassist and vocalist from Blue CheerDickie Peterson
5.5%

You're not logged in!

Compare scores with friends on all Sporcle quizzes.
OR
Log In

Sporcle TV

Today on Sporcle TV


Watch our educational content, quiz creation guides, and fun videos on Sporcle TV.

Show Comments

Extras

Created Dec 29, 2012ReportNominate
Tags:Rock Quiz, death, Musician

Top Quizzes Today


Score Distribution

Paid Content

Your Account Isn't Verified!

In order to create a playlist on Sporcle, you need to verify the email address you used during registration. Go to your Sporcle Settings to finish the process.

Report this User

Report this user for behavior that violates our Community Guidelines.

Details: